El delito de quebrantamiento en el m̀bito de la violencia de gňero

Detalles Bibliográficos
Autor principal: Cueto Moreno, Cristina
Formato: eBook
Lenguaje:español
Publicado: Madrid: Dykinson, 2017
Materias:
Acceso en línea:Acceso restringido

MARC

LEADER 00000nam a22000007a 4500
005 20180511001719.0
007 cr|||| ||||
008 180511s2017 es |||||s|||| 00||0 spa d
020 |a 978-84-9148-559-9 
035 |a 21618 
040 |a vLex 
090 |c 7936  |d 7936 
100 1 |a Cueto Moreno, Cristina 
245 1 2 |a El delito de quebrantamiento en el m̀bito de la violencia de gňero  |h [Recurso electrn̤ico] /  |c Cristina Cueto Moreno 
256 |a Servicio en ln̕ea 
260 |a Madrid:  |b Dykinson,  |c 2017 
300 |a 1 recurso electrn̤ico 
506 1 |a Disponible solo en los productos indicados  |d vLex Global  |d vLex Global (Academic Edition, excluding Law Schools)  |d vLex Global (U.S. Academic Edition, Law Schools)  |d vLex Global (U.S. Academic Edition, excluding Law Schools)  |d vLex Global (Academic Edition, Law Schools) 
650 0 4 |a Derecho Penal  |z Espaą 
740 0 |a vLex Libros (Servicio en ln̕ea) 
856 4 0 |u http://vlex.com/source/delito-quebrantamiento-ambito-violencia-genero-21618  |z Acceso restringido 
942 |c BOOK 
999 0 |a Criminal law